[Event "Challenge"]
[Site "http://www.queenalice.com/game.php?id=102210"]
[Date "2006.9.3"]
[Round "-"]
[White "marcosbratz"]
[Black "NS_Jesus"]
[Result "1-0"]
[WhiteElo "1258"]
[BlackElo "969"]

1. d4 b5 2. e4 Nf6 3. Bd3 c6 4. Nf3 a5 5. Nc3 Na6 6. Bg5 h6 7. Bxf6 gxf6 8. O-O
e6 9. a3 h5 10. d5 cxd5 11. exd5 exd5 12. Nxd5 Bb7 13. Re1+ Be7 14. Nxe7 a4 15.
Bxb5 h4 16. Bxd7+ Qxd7 17. Qxd7+ Kxd7 18. Rad1+ Ke8 19. Ng6+ Be4 20. Rxe4# 1-0

[Event "Challenge"]
[Site "http://www.queenalice.com/game.php?id=102987"]
[Date "2006.9.6"]
[Round "-"]
[White "NS_Jesus"]
[Black "ENDHER"]
[Result "0-1"]
[WhiteElo "872"]
[BlackElo "2163"]

1. d4 d5 2. h4 c5 3. b3 cxd4 4. Qxd4 Nc6 5. Qd3 e5 6. Nf3 e4 7. Qd2 exf3 8. exf3
Nf6 9. a4 Bd6 10. Bb5 Qe7+ 11. Qe2 Qxe2+ 12. Kxe2 O-O 13. Bg5 Nd4+ 14. Kd1 Nxb5
15. axb5 Nd7 16. Nc3 Be5 17. f4 Bxc3 18. Rc1 f6 19. Bxf6 Rxf6 20. Re1 Bxe1 21.
Kxe1 Rxf4 22. Rd1 Nf6 23. c4 d4 0-1

[Event "Age "]
[Site "http://www.queenalice.com/game.php?id=104263"]
[Date "2006.9.10"]
[Round "-"]
[White "J_Ricardo"]
[Black "NS_Jesus"]
[Result "1-0"]
[WhiteElo "1380"]
[BlackElo "899"]

1. e4 e5 2. Nf3 Nf6 3. Qe2 b6 4. Nxe5 Bd6 5. Nf3 Ba6 6. d3 g6 7. Bg5 Be7 8. Bh6
Bf8 9. Qe3 Bxh6 10. Qxh6 d5 11. Qg7 Rf8 12. Ng5 Qe7 13. Nc3 dxe4 14. dxe4 Nxe4
15. Ncxe4 f6 16. Qh6 fxg5 17. Bd3 c5 18. O-O g4 19. Rae1 c4 20. Nd6+ Kd8 21.
Rxe7 Kxe7 22. Nxc4 Nc6 23. Qxh7+ Rf7 24. Qxg6 Rd8 25. Qxg4 b5 26. Ne3 Rd7 27.
Re1 Ne5 28. Qe4 b4 29. Qxe5+ Kd8 30. Bxa6 Rfe7 31. Qb8# 1-0

[Event "AGE II"]
[Site "http://www.queenalice.com/game.php?id=104264"]
[Date "2006.9.10"]
[Round "-"]
[White "NS_Jesus"]
[Black "J_Ricardo"]
[Result "0-1"]
[WhiteElo "913"]
[BlackElo "1392"]

1. e4 e5 2. Nf3 d6 3. g3 Bg4 4. Bg2 Nf6 5. d3 Nc6 6. Bh3 Nd4 7. c3 Nxf3+ 8. Kf1
Qd7 9. Bg5 Bxh3+ 10. Ke2 Bg4 11. Qb3 Nxg5+ 12. Kf1 Bh3+ 13. Kg1 Qg4 14. a4 Qe2
15. Qxb7 Qd1# 0-1

[Event "AUTO-BEG-26"]
[Site "http://www.queenalice.com/game.php?id=104283"]
[Date "2006.9.10"]
[Round "1"]
[White "marcosbratz"]
[Black "NS_Jesus"]
[Result "1-0"]
[WhiteElo "1286"]
[BlackElo "920"]

1. e4 e5 2. Nf3 Nf6 3. Nxe5 Nxe4 4. Qe2 f5 5. d3 Nc6 6. dxe4 fxe4 7. Qxe4 d5 8.
Qf3 Nxe5 9. Qe3 Bd6 10. Nc3 Be6 11. Bd2 h6 12. O-O-O Qd7 13. Be1 O-O-O 14. Qxa7
Qe8 15. Nxd5 c6 16. Nb6+ Kc7 17. Ba6 Qg6 18. Qxb7# 1-0

[Event "AUTO-BEG-26"]
[Site "http://www.queenalice.com/game.php?id=104284"]
[Date "2006.9.10"]
[Round "1"]
[White "NS_Jesus"]
[Black "polakinho"]
[Result "0-1"]
[WhiteElo "872"]
[BlackElo "1253"]

1. e4 e5 2. Nf3 c5 3. Nc3 c4 4. b3 Qc7 5. d3 cxd3 6. cxd3 Qxc3+ 7. Bd2 Qc7 8.
Rc1 Qd8 9. Nxe5 d6 10. Nc4 Bd7 11. Nxd6+ Bxd6 12. a4 Ba3 13. Ra1 Qe7 14. e5
Qxe5+ 15. Be2 Nc6 16. g4 Bc5 17. Rc1 b6 18. Bc3 Qf4 0-1

[Event "AUTO-BEG-26"]
[Site "http://www.queenalice.com/game.php?id=104285"]
[Date "2006.9.10"]
[Round "1"]
[White "polakinho"]
[Black "NS_Jesus"]
[Result "1-0"]
[WhiteElo "1255"]
[BlackElo "871"]

1. e4 e5 2. Nh3 Nf6 3. c3 d5 4. c4 dxc4 5. Bxc4 Be6 6. Ng5 h6 7. Nf3 Bxc4 8. b3
Bd3 9. Na3 Nxe4 10. Nxe5 c6 11. Qf3 Ng5 12. Qxd3 Nd7 13. Nxd7 Qxd7 14. Qc2 Ne6
15. h4 Be7 16. g3 c5 17. O-O O-O 18. d3 Bd6 19. Re1 1-0

[Event "AUTO-BEG-26"]
[Site "http://www.queenalice.com/game.php?id=104287"]
[Date "2006.9.10"]
[Round "1"]
[White "Felipecontender"]
[Black "NS_Jesus"]
[Result "1-0"]
[WhiteElo "1705"]
[BlackElo "872"]

1. d4 d5 2. c4 c6 3. Nc3 e6 4. Nf3 Nf6 5. Bg5 Be7 6. e3 dxc4 7. Bxc4 Bb4 8. O-O
e5 9. Nxe5 h6 10. Bxf7+ Kf8 11. Ng6+ Kxf7 12. Nxh8+ Kg8 13. Bxf6 gxf6 14. Ng6
Na6 15. Qh5 Nc7 16. Qxh6 Bf5 17. Nf4 b5 18. Nh5 Qe7 19. Nxf6+ Kf7 20. Nh5 Rd8
21. e4 1-0

[Event "Challenge"]
[Site "http://www.queenalice.com/game.php?id=106904"]
[Date "2006.9.16"]
[Round "-"]
[White "marcosbratz"]
[Black "NS_Jesus"]
[Result "1-0"]
[WhiteElo "1373"]
[BlackElo "899"]

1. e4 e5 2. Nf3 Nf6 3. Nxe5 d6 4. d4 Nc6 5. Bb5 Bg4 6. Nxg4 d5 7. Nxf6+ gxf6 8.
Bxc6+ Ke7 9. Bxd5 Ke8 10. O-O f5 11. Nc3 Bb4 12. Qh5 c6 13. Qxf7# 1-0

[Event "Challenge"]
[Site "http://www.queenalice.com/game.php?id=106905"]
[Date "2006.9.16"]
[Round "-"]
[White "NS_Jesus"]
[Black "marcosbratz"]
[Result "0-1"]
[WhiteElo "876"]
[BlackElo "1376"]

1. d4 Nf6 2. Nc3 e6 3. Be3 Bb4 4. a3 Ba5 5. b4 Bb6 6. Qd3 d5 7. O-O-O a6 8. a4
Bd7 9. Nf3 O-O 10. Bg5 Nc6 11. g3 Nxb4 12. h4 Nxd3+ 0-1

[Event "Challenge"]
[Site "http://www.queenalice.com/game.php?id=175940"]
[Date "2007.3.2"]
[Round "-"]
[White "NS_Jesus"]
[Black "J_Ricardo"]
[Result "0-1"]
[WhiteElo "870"]
[BlackElo "1525"]

1. g4 e5 2. Nf3 d6 3. d3 Bxg4 4. Nfd2 d5 5. Na3 d4 6. Rg1 Nf6 7. f3 Bh5 8. c3
Nc6 9. e3 dxe3 10. Nb3 Nd5 11. Nc4 Qf6 12. a4 a6 13. Qe2 Bxf3 14. Qc2 Bc5 15.
Nxc5 Nf4 16. Bxe3 O-O 17. d4 exd4 18. cxd4 Qh4+ 19. Bf2 Qxh2 20. Rg5 Qh6 21. Rf5
Rae8+ 22. Be2 Qh1+ 23. Kd2 Qxa1 24. Rxf4 Rxe2+ 25. Kc3 Rxc2+ 26. Kxc2 Qd1+ 27.
Kc3 b6 28. Nxa6 Qc1+ 29. Kb3 Qxf4 30. Nxc7 Nxd4+ 31. Kb4 Qxc7 32. Kc3 Be2 33.
Kxd4 Qxc4+ 34. Ke3 Re8+ 35. Kd2 Qd3+ 36. Ke1 Qd1# 0-1

[Event "Challenge"]
[Site "http://www.queenalice.com/game.php?id=175942"]
[Date "2007.3.2"]
[Round "-"]
[White "NS_Jesus"]
[Black "Koukin"]
[Result "0-1"]
[WhiteElo "870"]
[BlackElo "1386"]

1. d4 d5 2. Nc3 e6 3. h4 Bb4 4. Bg5 Nf6 5. Rh3 Ne4 6. Bxd8 Kxd8 7. Nf3 Nxc3 8.
bxc3 Ba5 9. Rg3 Nc6 10. Rg4 b6 11. Ng5 f6 12. Nxe6+ Bxe6 13. Rxg7 Kc8 14. Re7
Nxe7 15. g3 Bxc3+ 16. Qd2 Bxa1 17. g4 Rg8 18. a3 Bxg4 19. Qd3 Kb7 20. Bg2 Ng6
21. Qd1 Bc3+ 22. Kf1 Nf4 23. Bh1 Bxe2+ 24. Qxe2 Nxe2 25. Kxe2 Rg1 26. Kd3 Rg3+
27. fxg3 Ba1 28. Bxd5+ c6 29. Be4 Rd8 30. Bxh7 Rxd4+ 31. Ke3 c5 32. c3 Bxc3 33.
h5 f5 34. Bxf5 Ba1 35. h6 c4 36. h7 Rd1 37. h8=Q Bxh8 38. Be4+ Kb8 39. g4 c3 40.
a4 a5 41. Bf3 c2 42. Be4 c1=Q+ 0-1

[Event "Challenge"]
[Site "http://www.queenalice.com/game.php?id=194214"]
[Date "2007.4.9"]
[Round "-"]
[White "hk1960"]
[Black "NS_Jesus"]
[Result "0-1"]
[WhiteElo "997"]
[BlackElo "870"]

1. Nc3 e5 2. b4 Bxb4 3. Nd5 c6 4. a3 cxd5 5. axb4 b5 6. Ra3 Nc6 7. Rg3 Nf6 8.
Rxg7 Rg8 9. Ba3 Rxg7 10. Bb2 Nxb4 11. c3 Nc6 12. Qb3 a6 13. e3 Rb8 14. Nf3 h5
15. Bd3 Rg8 16. O-O h4 17. Qa3 Rg7 18. Bf5 Ra8 19. Nxh4 Ra7 20. Bg4 Nxg4 21. Qa1
Nf6 22. Nf5 Rg8 23. Nd6+ Ke7 24. Nf5+ Ke8 25. Nd6+ Ke7 26. Nf5+ Ke8 27. Nd6+ Ke7
28. Nxb5 axb5 29. Ba3+ Ke8 30. Qb2 Ba6 31. Bc5 Ra8 32. Ra1 d6 33. Bb4 e4 34. Rf1
Rh8 35. Ba3 Rb8 36. Qa2 Qe7 37. Bb2 Qd8 38. Qxa6 Rc8 39. Qxb5 Rb8 40. Qxc6+ Nd7
41. Qxd6 Rb6 42. Qxd5 Nf6 43. Qa5 Nd7 44. Qa4 Rxb2 45. Qd4 Rh4 46. Qe5+ Nxe5 47.
Rd1 f5 48. Rc1 Rxd2 49. Re1 Rh5 50. h3 Rh4 51. g3 Rxh3 52. Kg2 Rh5 53. Kf1 Rh1+
54. Kg2 Rxe1 55. g4 fxg4 56. Kg3 Qf6 57. f3 exf3 58. e4 Qh6 0-1

[Event "Challenge"]
[Site "http://www.queenalice.com/game.php?id=199173"]
[Date "2007.4.19"]
[Round "-"]
[White "Koukin"]
[Black "NS_Jesus"]
[Result "0-1"]
[WhiteElo "1308"]
[BlackElo "894"]

1. e4 e5 2. Nf3 Nf6 3. Bc4 Bd6 4. b3 h5 5. Ng5 O-O 6. b4 Nxe4 7. Qf3 Nxg5 8. h4
Nxf3+ 9. gxf3 b5 10. Bd5 c6 11. Bb3 Bxb4 12. c3 Bc5 13. Rg1 g6 14. Bb2 Qxh4 15.
Na3 Qh2 16. Rf1 d6 17. d4 exd4 18. Kd2 Qf4+ 19. Ke1 Qxf3 20. Bd1 Qe4+ 21. Be2
dxc3 22. Bxc3 Be6 23. f3 Qe3 24. Rc1 a5 25. Nc2 Qxc3+ 26. Kd1 Nd7 27. f4 Bh3 28.
Rf3 Ba3 29. Rxc3 Bxc1 30. Kxc1 Rae8 31. Ne3 g5 32. fxg5 f6 33. g6 Kg7 34. Bd3 b4
35. Rxc6 Rxe3 0-1

[Event "Challenge"]
[Site "http://www.queenalice.com/game.php?id=200565"]
[Date "2007.4.21"]
[Round "-"]
[White "MariaClara"]
[Black "NS_Jesus"]
[Result "1-0"]
[WhiteElo "1295"]
[BlackElo "870"]

1. e4 e5 2. Qh5 Nf6 3. Qxe5+ Be7 4. Bc4 d6 5. Qb5+ Bd7 6. Qb4 Nxe4 7. Qb3 Nc5 8.
Qf3 Bc6 9. Qxf7+ Kd7 10. d4 Rf8 11. Qxg7 Ke8 12. Nf3 Bf6 13. Qxh7 Nbd7 14. Bh6
Rf7 15. Qxf7# 1-0

[Event "QA-ANNIV-03"]
[Site "http://www.queenalice.com/game.php?id=225606"]
[Date "2007.6.15"]
[Round "1"]
[White "NS_Jesus"]
[Black "kulalking"]
[Result "0-1"]
[WhiteElo "894"]
[BlackElo "2043"]

1. d4 d5 2. Nc3 Nf6 3. e3 Bf5 4. Bb5+ c6 5. Ba4 b5 6. Bb3 a5 7. a4 b4 8. Na2 e6
9. g3 Na6 10. c4 bxc3 11. bxc3 c5 12. dxc5 Nxc5 13. Nb4 axb4 14. cxb4 Nd3+ 15.
Ke2 Ng4 16. f3 Nge5 17. b5 Qg5 18. Qc2 Qf6 19. g4 Nf4+ 20. exf4 Bxc2 21. Bxc2
Nxf3 22. Nxf3 Qxa1 23. Kd1 Rc8 24. f5 Ba3 25. fxe6 Qxc1+ 26. Ke2 Rxc2+ 27. Kd3
Rc3+ 28. Kd4 Qe3+ 29. Kxd5 Qxf3+ 0-1